|
|
|
|
| LEADER |
01532nam a2200397 a 4500 |
| 001 |
33139 |
| 003 |
BD-DhAAL |
| 005 |
20180529094551.0 |
| 008 |
180528t2002 bg a 000 0 eng d |
| 999 |
|
|
|c 39452
|d 39452
|
| 010 |
|
|
|a 2002301110
|
| 020 |
|
|
|a 9847022000349
|
| 020 |
|
|
|a 9840516191
|
| 025 |
|
|
|a B-E-2002-301110; 06
|
| 035 |
|
|
|a (DLC) 2002301110
|
| 037 |
|
|
|b Library of Congress -- New Delhi Overseas Office
|c Tk1800.00
|
| 040 |
|
|
|a DLC
|c DLC
|d BD-DhAAL
|
| 042 |
|
|
|a lcode
|
| 043 |
|
|
|a a-bg---
|
| 050 |
0 |
0 |
|a DS393.5
|b .S443 2002
|
| 082 |
|
|
|a 954.922
|2 21
|
| 100 |
1 |
|
|a Sen, Sudeep.
|9 26035
|
| 245 |
1 |
0 |
|a Postcards from Bangladesh /
|c Sudeep Sen, Tanvir, Kelley Lynch.
|
| 246 |
3 |
0 |
|a Bangladesh
|
| 250 |
|
|
|a First edition
|
| 260 |
|
|
|a Dhaka :
|b University Press,
|c c2002.
|
| 300 |
|
|
|a 303 pages :
|b color illustrations ;
|c 27 cm.
|
| 526 |
|
|
|a AAL
|
| 541 |
|
|
|a The University Press Limited
|e 33139, 33140
|
| 651 |
|
0 |
|a Bangladesh
|v Pictorial works
|9 26036
|
| 700 |
0 |
|
|a Tanvir,
|d 1968-
|9 26037
|
| 700 |
1 |
|
|a Lynch, Kelley,
|d 1965-
|9 26038
|
| 852 |
|
|
|a Ayesha Abed Library
|c General Stacks
|
| 942 |
|
|
|2 ddc
|c BK
|
| 952 |
|
|
|0 0
|1 0
|2 ddc
|4 0
|6 954_922000000000000_SEN
|7 0
|9 63451
|a BRACUL
|b BRACUL
|c GEN
|d 2018-05-27
|e The University Press Limited
|g 1350.00
|l 0
|o 954.922 SEN
|p 3010033139
|r 2018-05-27
|t 1
|v 1800.00
|w 2018-05-27
|y BK
|
| 952 |
|
|
|0 0
|1 0
|2 ddc
|4 0
|6 954_922000000000000_SEN
|7 0
|9 63452
|a BRACUL
|b BRACUL
|c GEN
|d 2018-05-27
|e The University Press Limited
|g 1350.00
|l 0
|o 954.922 SEN
|p 3010033140
|r 2018-05-27
|t 2
|v 1800.00
|w 2018-05-27
|y BK
|